A Bosch Budapesti Fejlesztési Központ szervezeti kultúrájának elemzése és dolgozói elégedettségének vizsgálata

Bibliographic Details
Main Author: Széles Anna Szilvia
Other Authors: Kasza Lajos
Format: Thesis
Kulcsszavak:szervezeti kultúra
motiváció
Bosch
Online Access:http://dolgozattar.uni-bge.hu/18336

MARC

LEADER 00000nta a2200000 i 4500
001 dolg18336
005 20190228103618.0
008 181127suuuu hu om 000 hun d
040 |a BGE Dolgozattár Repozitórium  |b hun 
041 |a hu 
100 1 |a Széles Anna Szilvia 
245 1 2 |a A Bosch Budapesti Fejlesztési Központ szervezeti kultúrájának elemzése és dolgozói elégedettségének vizsgálata  |c Széles Anna Szilvia  |h [elektronikus dokumentum] 
246 1 1 |a A Bosch Budapesti Fejlesztési Központ szervezeti kultúrájának elemzése és dolgozói elégedettségének vizsgálata 
695 |a szervezeti kultúra 
695 |a motiváció 
695 |a Bosch 
700 1 |a Kasza Lajos  |e ths 
856 4 0 |u http://dolgozattar.uni-bge.hu/18336/1/Sz%C3%A9les_Anna_Szilvia_UO23UQ_szakdolgozat.pdf  |z Dokumentum-elérés 
856 4 0 |u http://dolgozattar.uni-bge.hu/18336/2/Sz%C3%A9les_Anna_Szilvia_titkos%C3%ADt%C3%A1si_k%C3%A9relem.pdf  |z Dokumentum-elérés